000 00516nam a2200181 a 4500
001 2305
005 20140414131947.0
008 010430s19uu xx 00 eng d
020 _a0-86734-038-X
050 _aTR 372.4
_bR22 1983
245 _aReading workbook, 4th grade Bk. 1 :
_bfor parents and teachers.
260 _aCalifornia :
_bFrank Schaffer,
_c1983.
300 _a48 p. : ill. ; cm.
440 _aBasic Learning Series
650 _aReading
_xStudy and teaching.
999 _c112714
_d112714